000 00683nam a2200229 i 4500
001 C2-0224027
003 PPAK
005 20180728152706.0
008 000315s1996 my a|||| ||||| | may d
020 _a9839575473
040 _aPPAK
_beng
_cPPAK
_erda
082 0 4 _a899.233
_223
090 0 0 _a899.233
_bMEL
_dK
245 0 0 _aMelentur buluh biarlah dari rebungnya :
_bkisah perumpamaan kanak-kanak
264 1 _aKuala Lumpur :
_bKumpulan Emanon ,
_c1996
300 _avii, 56 pages :
_bcolour illustrations ;
_c30 cm
336 _2rdacontent
_atext
337 _2rdamedia
_aunmediated
338 _2rdacarrier
_avolume
650 1 0 _aChildren's stories, Malay
942 _ddc
_cB
999 _c145035
_d145035